000 00526nam a2200205Ia 4500
005 20250317062702.0
008 240331s9999 xx 000 0 und d
020 _a0802067026
082 _a301
_bSMI
_24417
100 _aSmith, D. E
245 4 _aThe Everyday World As Problematic:
_bA Feminist Sociology
260 _aToronto,
_bUniversity of Toronto Press
_c1987
300 _avi, 244 p.,
650 _aSociology
650 _aWomen
650 _aFeminism
650 _aPolitics
650 _aEthnography
942 _cL
999 _c1038
_d1038